ბათუმის შოთა რუსთაველის სახელმწიფო უნივერსიტეტის ბიბლიოთეკა

ჩვენი სულიერების ბალავარი : (ბიბ.ჩანაწერი № 36781)

000 -ლიდერი
ფიქსირებული სიგრძის საკონტროლო ველი 02096nam a2200265Ia 4500
001 - საკონტროლო ნომერი
საკონტროლო ველი 2720
003 - საკონტროლო ნომრის იდენტიფიკატორი
საკონტროლო ველი GE_BSU
005 - ბოლო ოპერაციის თარიღი და დრო
საკონტროლო ველი 20190605201338.0
008 - ფიქსირებული სიგრძის მონაცემთა ელემენტები - ზოგადი ინფორმაცია
ფიქსირებული სიგრძის საკონტროლო ველი 181216s2012||||ge |||||||||||||| ||geo||
020 ## - წიგნის საერთაშორისო სტანდარტული ნომერი
International Standard Book Number
040 ## - კატალოგიზაციის წყარო
Transcribing agency GE_BSU
041 ## - ენის კოდი
Language code of text/sound track or separate title geo
080 ## - უნივერსალური ათობითი კლასიფიკაციის ინდექსი
Universal Decimal Classification number 378.4(479.223)(063)+94(479.223) ჩ-55
245 ## - ცნობა სათაურის შესახებ
Statement of responsibility, etc რედ. მანუჩარ ლორია ; სარედ. საბჭო: მიტროპოლიტი ანანია (ჯაფარიძე) [და სხვ.] ; შ. რუსთაველის სახელმწიფო უნ-ტი ; ქრისტიანული კულტურის კვლევის ცენტრი ; სამეცნ. ცენტრი-ნ. ბერძენიშვილის ჰუმანიტარულ-სოც. მიმართულების ისტორიული და არქეოლოგიური განყოფილება.
Title ჩვენი სულიერების ბალავარი :
Remainder of title ტ. 4 : სამეცნიერო კონფერენციის მასალები /
264 ## - წარმოების, გამოცემის, დისტრიბუციის და სხვა ცნობები
გამოცემის, წარმოების, დისტრიბუციის... ადგილი თბილისი :
გამოცემის, წარმოების, დისტრიბუციის... სახელწოდება უნივერსალი,
გამოცემის, წარმოების, დისტრიბუციის... თარიღი 2012.
300 ## - ფიზიკური აღწერა
Extent 285 გვ.;
Other physical details 20 სმ.
520 ## - SUMMARY, ETC.
Summary, etc რეზ. და ბიბლიოგრ. თავების ბოლოს ქართ. და ინგლ.
653 ## - INDEX TERM--UNCONTROLLED
Uncontrolled term რელიგია
653 ## - INDEX TERM--UNCONTROLLED
Uncontrolled term ქრისტიანული კულტურის კვლევა
700 ## - ADDED ENTRY--PERSONAL NAME
Personal name ლორია, მანუჩარ
Relator term რედაქტორი
9 (RLIN) 2194
700 ## - ADDED ENTRY--PERSONAL NAME
Personal name ბარამიძე, ნოდარ
Relator term რედაქტორი
9 (RLIN) 377
710 ## - ADDED ENTRY--CORPORATE NAME
Corporate name or jurisdiction name as entry element საქ. განათლებისა და მეცნიერების სამინისტრო
9 (RLIN) 2195
710 ## - ADDED ENTRY--CORPORATE NAME
Corporate name or jurisdiction name as entry element შ. რუსთაველის სახელმწიფო უნივერსიტეტი;
Subordinate unit ქრისტიანული კულტურის კვლევის ცენტრი
9 (RLIN) 2196
942 ## - ADDED ENTRY ELEMENTS (KOHA)
Koha item type წიგნი
Source of classification or shelving scheme
ეგზემპლარები
ჩამოწერის სტატუსი დაკარგული ეგზემპლარის სტატუსი კლასიფიკაციის წყარო ან თაროზე გაწყობის სქემა დაზიანების სტატუსი არ გაიცემა მუდმივი მდებარეობა (დაცვის ადგილი) ამჟამინდელი ადგილსამყოფელი თაროზე განთავსების ადგილი შეძენის თარიღი ღირებულება, შესყიდვის ნორმალური ფასი სრული შენახვის შიფრი შტრიხკოდი ბოლო ოპერაციის თარიღი ეგზემპლარის მიმდევრობითი ნომერი (კეტერი?) ფასის ძალაში შესვლის თარიღი ეგზემპლარის სახეობა საჯარო შენიშვნა
          ბათუმის შოთა რუსთაველის სახელმწიფო უნივერსიტეტის მთავარი ბიბლიოთეკა ბათუმის შოთა რუსთაველის სახელმწიფო უნივერსიტეტის მთავარი ბიბლიოთეკა წიგნის კალათა 2018-12-17 8.00 378.4(479.223)(063)+94(479.223) ჩ-55 4593 2018-12-17 4593 2018-12-17 წიგნი 8 ლ.
          ბათუმის შოთა რუსთაველის სახელმწიფო უნივერსიტეტის მთავარი ბიბლიოთეკა ბათუმის შოთა რუსთაველის სახელმწიფო უნივერსიტეტის მთავარი ბიბლიოთეკა წიგნსაცავი 2018-12-17 8.00 378.4(479.223)(063)+94(479.223) ჩ-55 4595 2018-12-17 4595 2018-12-17 წიგნი 8 ლ.
          ბათუმის შოთა რუსთაველის სახელმწიფო უნივერსიტეტის მთავარი ბიბლიოთეკა ბათუმის შოთა რუსთაველის სახელმწიფო უნივერსიტეტის მთავარი ბიბლიოთეკა წიგნსაცავი 2019-06-05 8.00 378.4(479.223)(063)+94(479.223) ჩ-55 4594 2019-06-05 4594 2019-06-05 წიგნი 8 ლ.